[Event "Oberpfalz-ch M1"]
[Site "Schwandorf"]
[Date "2015.03.30"]
[Round "4"]
[White "Oberhofer, Cedric"]
[Black "Berisha, Shpend"]
[Result "1-0"]
[WhiteElo "2065"]
[BlackElo "2006"]
[PlyCount "60"]
[EventDate "2015.03.28"]
[EventType "swiss"]
[EventRounds "8"]
[EventCountry "GER"]
[SourceTitle "EXT 2022"]
[Source "ChessBase"]
[SourceDate "2021.10.06"]
[SourceVersion "1"]
[SourceVersionDate "2021.10.06"]
[SourceQuality "1"]

1. e4 c5 2. Nf3 Nc6 3. d4 cxd4 4. Nxd4 Nf6 5. Nc3 d6 6. Bc4 g6 7. Nxc6 bxc6 8. e5 Ng4 9. exd6 exd6 10. Bf4 Qe7+ 11. Qe2 d5 12. Qxe7+ Bxe7 13. Nxd5 Bd8 14. h3 Ba5+ 15. c3 Be6 16. hxg4 cxd5 17. Be5 0-0 18. Bb3 Bxg4 19. 0-0 Rad8 20. f3 Bb6+ 21. Kh1 Bf5 22. Bf6 Rd7 23. Rad1 Be6 24. Rd2 Be3 25. Rd3 Bf4 26. Rfd1 Re8 27. Re1 Rc8 28. Red1 Re8 29. Ba4 Rde7 30. Bxe8 Rxe8 1-0

[Event "Oberpfalz-ch M1"]
[Site "Regensburg"]
[Date "2011.04.17"]
[Round "3"]
[White "Berisha, Shpend"]
[Black "Schmid, Roland1"]
[Result "0-1"]
[WhiteElo "2051"]
[BlackElo "2168"]
[PlyCount "120"]
[EventDate "2011.04.16"]
[EventType "swiss"]
[EventRounds "8"]
[EventCountry "GER"]
[SourceTitle "EXT 2022"]
[Source "ChessBase"]
[SourceDate "2021.10.06"]
[SourceVersion "1"]
[SourceVersionDate "2021.10.06"]
[SourceQuality "1"]

1. d4 e6 2. c4 f5 3. Nf3 Nf6 4. Nc3 Bb4 5. Bd2 b6 6. a3 Bxc3 7. bxc3 Bb7 8. Qb3 0-0 9. e3 Ne4 10. Bc1 c5 11. a4 d6 12. Ba3 Nc6 13. Rc1 Qe8 14. Bb2 Rc8 15. Be2 Na5 16. Qa2 Qg6 17. g3 Ng5 18. Nh4 Qe8 19. f3 Qe7 20. Rf1 e5 21. d5 Ba6 22. Rc2 Rce8 23. Bc1 Nh3 24. Ng2 f4 25. e4 Rf6 26. gxf4 Rg6 27. Bd3 exf4 28. Kd1 Qe5 29. Ne1 Rf8 30. Be2 Rff6 31. Bd3 Ng5 32. Rg2 Nf7 33. Rxg6 Rxg6 34. Be2 Qxc3 35. Bd2 Qf6 36. Bxa5 bxa5 37. Nc2 Rg2 38. Qb3 Qd8 39. Na3 Rxh2 40. Nb5 Qb6 41. Rg1 Bc8 42. Qc3 Ne5 43. Rg5 a6 44. Rxe5 dxe5 45. Qxe5 Qf6 46. Qe8+ Qf8 47. Qxf8+ Kxf8 48. Nc3 Rh5 49. Kd2 Ke7 50. Nd1 Bd7 51. Nb2 Kd6 52. Nd3 Bxa4 53. Nxf4 Re5 54. Nd3 Re8 55. Ke3 Bb3 56. Nc1 Bc2 57. Kd2 Bb1 58. Kc3 g5 59. Kb2 Rb8+ 60. Kc3 a4 0-1

[Event "Oberpfalz-ch M1"]
[Site "Roding"]
[Date "2010.03.30"]
[Round "8"]
[White "Berisha, Shpend"]
[Black "Kanewski, Josef"]
[Result "0-1"]
[WhiteElo "1986"]
[BlackElo "2081"]
[PlyCount "150"]
[EventDate "2010.03.27"]
[EventType "swiss"]
[EventRounds "8"]
[EventCountry "GER"]
[SourceTitle "EXT 2012"]
[Source "ChessBase"]
[SourceDate "2011.11.24"]
[SourceVersion "1"]
[SourceVersionDate "2011.11.24"]
[SourceQuality "1"]

1. d4 f5 2. Nf3 Nf6 3. c4 g6 4. Nc3 Bg7 5. Bg5 d6 6. Qc2 c6 7. e3 Qa5 8. a3 0-0 9. b4 Qc7 10. Rc1 e5 11. d5 c5 12. Nb5 Qb6 13. bxc5 Qxc5 14. Nd2 a6 15. Qa4 Nbd7 16. e4 Ng4 17. f3 Qf2+ 18. Kd1 Nc5 19. Qa5 b6 20. Qc3 axb5 21. fxg4 fxe4 22. h3 bxc4 23. Be3 Qg3 24. Bxc5 Qxc3 25. Rxc3 dxc5 26. Bxc4 Ba6 27. Ke2 b5 28. Bb3 b4+ 29. Rc4 e3 30. Ne4 Bxc4+ 31. Bxc4 Rxa3 32. d6+ Kh8 33. d7 Rd8 34. Rd1 Ra7 35. Nxc5 Bf8 36. Ne6 Rdxd7 37. Rxd7 Rxd7 38. Nxf8 Rd2+ 39. Kxe3 Rxg2 40. Nd7 b3 41. Nxe5 b2 42. Ba2 Rg1 43. Nd3 b1Q 44. Bxb1 Rxb1 45. Nf4 Kg7 46. g5 h6 47. gxh6+ Kxh6 48. h4 Rh1 49. Ng2 Rh2 50. Kf3 Rh3+ 51. Kg4 Ra3 52. Nf4 Ra4 53. Kg3 Kg7 54. Nd5 Kf7 55. Ne3 Re4 56. Ng4 Ke6 57. Kf3 Rb4 58. Kg3 Rb3+ 59. Kf4 Rh3 60. Kg5 Kf7 61. Ne5+ Kg7 62. Ng4 Rh1 63. Ne3 Rh3 64. Nc4 Rg3+ 65. Kf4 Rc3 66. Ne5 Kh6 67. Nf7+ Kh5 68. Ng5 Kxh4 69. Nf3+ Rxf3+ 70. Kxf3 g5 71. Kg2 Kg4 72. Kf2 Kh3 73. Kg1 g4 74. Kh1 g3 75. Kg1 g2 0-1

[Event "Oberpfalz-ch M1"]
[Site "Regensburg"]
[Date "2006.04.10"]
[Round "6.15"]
[White "Riedl, Maximilian"]
[Black "Berisha, Shpend"]
[Result "0-1"]
[WhiteElo "1875"]
[BlackElo "1930"]
[PlyCount "82"]
[EventDate "2006.04.08"]
[EventType "swiss"]
[EventRounds "8"]
[EventCountry "GER"]
[SourceTitle "EXT 2022"]
[Source "ChessBase"]
[SourceDate "2021.10.06"]
[SourceVersion "1"]
[SourceVersionDate "2021.10.06"]
[SourceQuality "1"]

1. d4 d5 2. Nf3 Nf6 3. Bg5 Nbd7 4. Nbd2 e6 5. e3 Be7 6. Bd3 h6 7. Bh4 c5 8. c3 Qc7 9. Bg3 Bd6 10. Bxd6 Qxd6 11. 0-0 c4 12. Bc2 0-0 13. Re1 b5 14. e4 dxe4 15. Nxe4 Nxe4 16. Bxe4 Rb8 17. Qe2 Nf6 18. Bc2 Bb7 19. Ne5 Nd7 20. Rad1 Nxe5 21. dxe5 Qe7 22. Qe3 Bd5 23. Rd4 f5 24. exf6 Qxf6 25. f4 b4 26. g3 bxc3 27. Qxc3 Rb6 28. Be4 Rb5 29. Bxd5 exd5 30. Re5 Qb6 31. Kg2 Rxb2+ 32. Kh3 Rxa2 33. Rexd5 Kh8 34. Rd7 Qg6 35. g4 h5 36. f5 hxg4+ 37. Kg3 Qxf5 38. Rd2 Qf4+ 39. Kh4 Qh6+ 40. Kxg4 Rf4+ 41. Kg3 Qg5+ 0-1

[Event "Oberpfalz-ch M1"]
[Site "Regensburg"]
[Date "2006.04.08"]
[Round "2.16"]
[White "Berisha, Shpend"]
[Black "Schoen, Rudolf"]
[Result "0-1"]
[WhiteElo "1930"]
[BlackElo "1931"]
[PlyCount "44"]
[EventDate "2006.04.08"]
[EventType "swiss"]
[EventRounds "8"]
[EventCountry "GER"]
[SourceTitle "EXT 2022"]
[Source "ChessBase"]
[SourceDate "2021.10.06"]
[SourceVersion "1"]
[SourceVersionDate "2021.10.06"]
[SourceQuality "1"]

1. d4 Nf6 2. c4 c5 3. Nf3 cxd4 4. Nxd4 Nc6 5. Nxc6 bxc6 6. Nc3 g6 7. e4 d6 8. c5 Bg7 9. cxd6 exd6 10. Bf4 0-0 11. Qxd6 Qb6 12. Qd2 Re8 13. f3 Nd5 14. Nd1 f5 15. Bc4 fxe4 16. Be3 exf3 17. 0-0 Rxe3 18. Bxd5+ Re6+ 19. Nf2 cxd5 20. Qxd5 Bb7 21. Qc4 Ba6 22. Qd5 Rd8 0-1

[Event "Oberpfalz-ch M2"]
[Site "Schwarzenfeld"]
[Date "2005.??.??"]
[Round "8"]
[White "Berisha, Shpend"]
[Black "Fischer, Manfred3"]
[Result "1-0"]
[WhiteElo "1890"]
[BlackElo "1629"]
[PlyCount "41"]
[EventDate "2005.03.19"]
[EventType "swiss"]
[EventRounds "8"]
[EventCountry "GER"]
[SourceTitle "EXT 2022"]
[Source "ChessBase"]
[SourceDate "2021.10.06"]
[SourceVersion "1"]
[SourceVersionDate "2021.10.06"]
[SourceQuality "1"]

1. d4 d6 2. Nf3 Nd7 3. c4 g6 4. Bg5 Bg7 5. Nc3 c6 6. e3 Ngf6 7. Bd3 0-0 8. 0-0 Qc7 9. Rc1 Re8 10. d5 Nc5 11. Bb1 e5 12. e4 Bd7 13. h3 h6 14. Be3 Na6 15. a3 c5 16. Qd2 Kh7 17. b4 b6 18. Bd3 Rac8 19. Nb5 Qb8 20. Nh2 Nc7 21. Nxd6 1-0

[Event "Oberpfalz-ch M2"]
[Site "Schwarzenfeld"]
[Date "2005.??.??"]
[Round "4"]
[White "Berisha, Shpend"]
[Black "Happach, Roland"]
[Result "1/2-1/2"]
[WhiteElo "1890"]
[BlackElo "1615"]
[PlyCount "73"]
[EventDate "2005.03.19"]
[EventType "swiss"]
[EventRounds "8"]
[EventCountry "GER"]
[SourceTitle "EXT 2022"]
[Source "ChessBase"]
[SourceDate "2021.10.06"]
[SourceVersion "1"]
[SourceVersionDate "2021.10.06"]
[SourceQuality "1"]

1. d4 Nf6 2. Nf3 e6 3. c4 b6 4. Nc3 Bb7 5. Bg5 Be7 6. Qc2 d5 7. cxd5 Nxd5 8. Nxd5 exd5 9. Bxe7 Qxe7 10. e3 0-0 11. Bd3 h6 12. Ne5 c5 13. 0-0 c4 14. Bf5 Nc6 15. Nxc6 Bxc6 16. Rae1 Bd7 17. e4 Bxf5 18. exf5 Qh4 19. f4 Rfe8 20. Re5 Rxe5 21. dxe5 b5 22. Qd2 Qd8 23. Rf3 Qb6+ 24. Kf1 d4 25. Rg3 Kh8 26. Rh3 Rg8 27. f6 Kh7 28. f5 b4 29. g4 c3 30. Qc2 Qb5+ 31. Rd3 Qxe5 32. fxg7 Qf4+ 33. Kg2 Qe4+ 34. Kf1 Rxg7 35. h3 f6 36. bxc3 bxc3 37. Rxc3 1/2-1/2

[Event "Oberpfalz-ch M2"]
[Site "Schwarzenfeld"]
[Date "2005.??.??"]
[Round "3"]
[White "Hellinger, Armin"]
[Black "Berisha, Shpend"]
[Result "0-1"]
[WhiteElo "1703"]
[BlackElo "1890"]
[PlyCount "54"]
[EventDate "2005.03.19"]
[EventType "swiss"]
[EventRounds "8"]
[EventCountry "GER"]
[SourceTitle "EXT 2022"]
[Source "ChessBase"]
[SourceDate "2021.10.06"]
[SourceVersion "1"]
[SourceVersionDate "2021.10.06"]
[SourceQuality "1"]

1. c4 g6 2. d4 Bg7 3. Nc3 Nf6 4. e4 d6 5. Nf3 0-0 6. Be2 Nbd7 7. h3 c5 8. Be3 cxd4 9. Nxd4 Nc5 10. f3 Nh5 11. g4 Ng3 12. Rg1 Nxe2 13. Ndxe2 a6 14. Qd2 b5 15. cxb5 axb5 16. Bh6 Nb3 17. axb3 Rxa1+ 18. Kf2 Rxg1 19. Kxg1 Qb6+ 20. Kg2 e6 21. h4 Bd7 22. h5 Rc8 23. Ng3 b4 24. Bxg7 Kxg7 25. Nce2 e5 26. Qg5 f6 27. Qh4 Qe3 0-1

[Event "Nittenau-ch 2nd"]
[Site "Nittenau"]
[Date "2002.09.22"]
[Round "5"]
[White "Berisha, Shpend"]
[Black "Enders, Christian"]
[Result "1-0"]
[WhiteElo "1916"]
[BlackElo "1729"]
[PlyCount "75"]
[EventDate "2002.09.20"]
[EventType "swiss"]
[EventRounds "5"]
[EventCountry "GER"]
[SourceTitle "EXT 2008"]
[Source "ChessBase"]
[SourceDate "2007.11.25"]
[SourceVersion "1"]
[SourceVersionDate "2007.11.25"]
[SourceQuality "1"]

1. d4 d5 2. g3 c6 3. Bg2 e6 4. Nf3 Bd6 5. Nbd2 f5 6. c4 Nd7 7. cxd5 exd5 8. e3 Ngf6 9. 0-0 0-0 10. b3 Ne4 11. Bb2 Rf6 12. Ne5 Rh6 13. f3 Nxd2 14. Qxd2 Qe8 15. f4 Nf6 16. Bf3 Ne4 17. Qg2 Be6 18. Rac1 Bf7 19. Nxf7 Qxf7 20. Bxe4 fxe4 21. Rf2 Qh5 22. Bc3 Rf8 23. Bd2 Qh3 24. Qxh3 Rxh3 25. b4 Rh6 26. a4 Rc8 27. Be1 Kf7 28. Rfc2 Ke8 29. b5 Be7 30. a5 Kd7 31. Kg2 Ba3 32. Rb1 cxb5 33. Rxc8 Kxc8 34. Rxb5 Rc6 35. g4 Bc1 36. Bf2 Rc2 37. Kg3 Re2 38. Rc5+ 1-0

[Event "Nittenau-ch 2nd"]
[Site "Nittenau"]
[Date "2002.09.21"]
[Round "3"]
[White "Berisha, Shpend"]
[Black "Pongratz, Erich"]
[Result "1-0"]
[WhiteElo "1916"]
[BlackElo "1605"]
[PlyCount "63"]
[EventDate "2002.09.20"]
[EventType "swiss"]
[EventRounds "5"]
[EventCountry "GER"]
[SourceTitle "EXT 2008"]
[Source "ChessBase"]
[SourceDate "2007.11.25"]
[SourceVersion "1"]
[SourceVersionDate "2007.11.25"]
[SourceQuality "1"]

1. d4 Nf6 2. g3 g6 3. Bg2 d5 4. c4 c6 5. cxd5 cxd5 6. Nf3 Nc6 7. 0-0 Bg7 8. Nc3 0-0 9. Bf4 Nh5 10. Be3 Qa5 11. Qc1 Rd8 12. Rd1 Bd7 13. Bh6 Be8 14. a3 Rac8 15. Bxg7 Nxg7 16. Bh3 e6 17. Qh6 f6 18. e4 Ne7 19. Rac1 Bc6 20. Nd2 Rf8 21. Nb3 Qd8 22. Nc5 f5 23. e5 b6 24. Nd3 Kh8 25. Nf4 Be8 26. Qxg7+ Kxg7 27. Nxe6+ Kf7 28. Nxd8+ Rxd8 29. Bf1 Ke6 30. Bb5 Nc6 31. Ne2 g5 32. Bxc6 1-0

[Event "Nittenau-ch 2nd"]
[Site "Nittenau"]
[Date "2002.09.20"]
[Round "1"]
[White "Berisha, Shpend"]
[Black "Trautner, Armin"]
[Result "1-0"]
[WhiteElo "1916"]
[BlackElo "1180"]
[PlyCount "75"]
[EventDate "2002.09.20"]
[EventType "swiss"]
[EventRounds "5"]
[EventCountry "GER"]
[SourceTitle "EXT 2008"]
[Source "ChessBase"]
[SourceDate "2007.11.25"]
[SourceVersion "1"]
[SourceVersionDate "2007.11.25"]
[SourceQuality "1"]

1. d4 d5 2. g3 e6 3. Bg2 Nf6 4. c4 Bb4+ 5. Bd2 Nc6 6. e3 0-0 7. a3 Bxd2+ 8. Nxd2 b6 9. Ngf3 h6 10. 0-0 Re8 11. Rc1 e5 12. cxd5 Qxd5 13. Nxe5 Qd6 14. Rxc6 Qe7 15. Qb3 Be6 16. Rxe6 Qxe6 17. Qxe6 fxe6 18. Bxa8 Rxa8 19. Rc1 Rc8 20. Nc6 Nd5 21. e4 Kf7 22. exd5 exd5 23. Nxa7 Re8 24. Rxc7+ Re7 25. Rxe7+ Kxe7 26. Nf3 Kd6 27. Ne5 g5 28. Kg2 Ke6 29. Kf3 Kf5 30. g4+ Ke6 31. Kg3 Kf6 32. h4 gxh4+ 33. Kxh4 Kg7 34. Kh5 Kh7 35. f4 Kg7 36. f5 Kh7 37. f6 Kg8 38. Kxh6 1-0